Integrated governance: a pre-requisitye for sustainable market-oriented development in Bangladesh (Record no. 84130)

000 -LEADER
fixed length control field 01514pab a2200217 454500
008 - FIXED-LENGTH DATA ELEMENTS--GENERAL INFORMATION
fixed length control field 180718b2009 xxu||||| |||| 00| 0 eng d
100 ## - MAIN ENTRY--PERSONAL NAME
Personal name Azmal, Fara
245 ## - TITLE STATEMENT
Title Integrated governance: a pre-requisitye for sustainable market-oriented development in Bangladesh
260 ## - PUBLICATION, DISTRIBUTION, ETC.
Date of publication, distribution, etc. 2009
300 ## - PHYSICAL DESCRIPTION
Extent p.829-51.
362 ## - DATES OF PUBLICATION AND/OR SEQUENTIAL DESIGNATION
Dates of publication and/or sequential designation Aug
520 ## - SUMMARY, ETC.
Summary, etc. Using agriculture input sector as an exemplar, this article assesses Babgkadesg's efforts towards a market-oriented development approach. It examines the changing role of the state following the market-based reforms undertaken in this sector and assesses whether the outcomes of the reforms are sustainable. Findings reveal that, although the current move towards a market-oriented approach has led to a shift away from a state-dominated hierarchical structure, it has not been associated with adequate changes in institutional arrangements, safeguards, and regulation. As a result, despite notable achievements of the reforms, the sustainability of these successes is in question. To facilitate participatory, accountable, and sustainable, market-oriented development, the paper proposes an integrated governance model linking state, business, and civil society. - Reproduced.
650 ## - SUBJECT ADDED ENTRY--TOPICAL TERM
Topical term or geographic name entry element Sustainable development - Bangladesh
650 ## - SUBJECT ADDED ENTRY--TOPICAL TERM
Topical term or geographic name entry element Public administration - Bangladesh
650 ## - SUBJECT ADDED ENTRY--TOPICAL TERM
Topical term or geographic name entry element Public administration
700 ## - ADDED ENTRY--PERSONAL NAME
Personal name Coghill, Ken
700 ## - ADDED ENTRY--PERSONAL NAME
Personal name Alam, Quamrul
773 ## - HOST ITEM ENTRY
Main entry heading International Journal of Public Administration
908 ## - PUT COMMAND PARAMETER (RLIN)
Put command parameter N
909 ## -
-- 84130
Holdings
Withdrawn status Lost status Damaged status Not for loan Permanent Location Current Location Date acquired Serial Enumeration / chronology Barcode Date last seen Price effective from Koha item type
        Indian Institute of Public Administration Indian Institute of Public Administration 2018-07-19 Volume no: 32, Issue no: 10 AR84590 2018-07-19 2018-07-19 Articles

Powered by Koha